日本で二番目の○○ - Statistics

General Stats
  • This quiz has been taken 3,124 times
  • The average score is 10 of 17
Answer Stats
日本で 一番目 二番目 % Correct
広い島 本州 北海道
99%
高い山 富士山 北岳
89%
人口が多い都道府県 東京都 神奈川県
88%
広い湖 琵琶湖 霞ヶ浦
86%
広い都道府県 北海道 岩手県
86%
長い川 信濃川 利根川
85%
狭い都道府県 香川県 大阪府
85%
人口が少ない都道府県 鳥取県 島根県
85%
人口が多い市区町村 横浜市 大阪市
75%
流域面積が広い川 利根川 石狩川
56%
長い橋 東京湾アクアブリッジ 明石海峡大橋
44%
広い市区町村 高山市 浜松市
42%
深い湖 田沢湖 支笏湖
22%
長い道路トンネル 山手トンネル 関越トンネル
15%
長い鉄道トンネル 青函トンネル 八甲田トンネル
14%
狭い市区町村 舟橋村 渡名喜村
9%
堤高が高いダム 黒部ダム 高瀬ダム
5%
No matching quizzes found
Score Distribution
Percent of People with Each Score
Percentile by Number Answered
Your Score History
You have not taken this quiz